01161nam a2200193Ia 4500001001100000003001000011008004100021040002500062041001300087100003100100245008100131250001100212260005600223300001200279500026400291501011400555520026400669650003400933L240-51156IT-CnALBA170116s9999||||xx |||||||||||||| ||und|| aIT-CnALBAcIT-CnALBA aITALIANO aMAGGIONI BRUNO, SAC. DOTT. 0aLA VITA DELLE PRIME COMUNITÀ CRISTIANE. RIFLESSIONI BIBLICHE E PASTORALI.  a2a ed. a TORINO. ROMAbBORLA EDITORE c1992 [1° Ed.: n.d.] a214 p.  aNUOVI SENTIERI DI EMMAUS NELLA RICERCA DEI CONTEMPORANEI. SPIRITUALITÀ COMUNITÀ PRIMITIVA. PANORAMICA UNIVERSALE E LOCALE. LA FIGURA DEL CRISTIANO NEGLI ATTI DEGLI APOSTOLI. FEDE E ANNUNZIO. CULTO DELLA VITA. I SERVIZI. PROBLEMI. PROFESSIONI DI FEDE. CENT aSocietà San Paolo EM - Piazza San Paolo, 14 - 12051 ALBA (CN) (non commercial uses only) ® Copyright 2017 aNUOVI SENTIERI DI EMMAUS NELLA RICERCA DEI CONTEMPORANEI. SPIRITUALITÀ COMUNITÀ PRIMITIVA. PANORAMICA UNIVERSALE E LOCALE. LA FIGURA DEL CRISTIANO NEGLI ATTI DEGLI APOSTOLI. FEDE E ANNUNZIO. CULTO DELLA VITA. I SERVIZI. PROBLEMI. PROFESSIONI DI FEDE. CENT aTEOLOGIA SPIRITUALE CRISTIANA